000 00403pab a2200145 454500
008 180718b1989 xxu||||| |||| 00| 0 eng d
100 _aBrij Mohan
245 _aEthnicity, power and discountent
_bThe problem of identity reconstruction in a pluralist society
260 _c1989
300 _a199-212
362 _aApr.
650 _aEthnicity
773 _aIndian Journal of Social Work
909 _a7816
999 _c7816
_d7816